LEADER 01321cam0-22004451i-450- 001 990003141360403321 005 20061011155130.0 010 $a0-521-44431-4 035 $a000314136 035 $aFED01000314136 035 $a(Aleph)000314136FED01 035 $a000314136 100 $a20030910d1993----km-y0itay50------ba 101 0 $aeng 102 $aGB$aUS 105 $ay-------001yy 200 1 $aNew dimensions in regional integration$fedited by Jaime de Melo and Arvind Panagariya 210 $aCambridge ; New York$cCambridge University Press$d1993 215 $aXXVIII, 473 p.$d24 cm 300 $aIn copert.: Centre for Economic Policy Research 610 0 $aCommercio internazionale 610 0 $aIntegrazione economica internazionale 676 $aF/3.113 676 $aO/1.240 676 $aO/1.33 676 $aO/3.2 676 $a337.1 702 1$aDe Melo,$bJaime$f<1946- > 702 1$aPanagariya,$bArvind 702 1$aDe Melo,$bJaime$f<1946- > 712 12$aCentre for economic policy research 801 0$aIT$bUNINA$gRICA$2UNIMARC 901 $aBK 912 $a990003141360403321 952 $aO/1.240 DEM$b12781$fSES 952 $aVI C 942$b25578$fFSPBC 959 $aSES 959 $aFSPBC 996 $aNew dimensions in regional integration$9455636 997 $aUNINA LEADER 01527nam 2200397 450 001 000011695 005 20050718115400.0 010 $a0-486-64747-1 100 $a20020920d1984----km-y0itay0103----ba 101 0 $aeng 102 $aUS 200 1 $a<> introduction to analysis and integration theory$fEsther R. Phillips$gwith a new historical introduction and notes by the author 210 $aNew York$cDover$dc1984 215 $aXXVIII, 452 p.$d21 cm. 300 $a"A corrected and enlarged republication of the work first published by Intext Educational Publishier, Scranton, Pa., in 1971" - T. P. verso 606 $aMisura$xTeoria 606 $aCalcolo integrale 676 $a515.4$v(20. ed.)$9Analisi. Calcolo integrale ed equazioni integrali 691 $a26-xx$9Real analysis 691 $a28-xx$9Measure and integration 700 1$aPhillips,$bEsther R.$0440884 801 0$aIT$bUniversità della Basilicata - B.I.A.$gRICA$2unimarc 912 $a000011695 996 $aIntroduction to analysis and integration theory$979501 997 $aUNIBAS BAS $aMONSCI BAS $aMONOGR BAS $aSCIENZE CAT $aEXT002$b01$c20020920$lBAS01$h1339 CAT $c20050601$lBAS01$h1754 CAT $abatch$b01$c20050718$lBAS01$h1051 CAT $c20050718$lBAS01$h1110 CAT $c20050718$lBAS01$h1140 CAT $c20050718$lBAS01$h1154 FMT Z30 -1$lBAS01$LBAS01$mBOOK$1BASA5$ADipartimento Matematica$2GEN$BCollezione generale$3MAT$63969$5M3969$820020920$f51$FRiservati